[Event "TUR-ch Men 2018"]
[Site "Kemer"]
[Date "2018.10.17"]
[Round "6.5"]
[White "Zor, Alber Kadir"]
[Black "Soylu, Suat"]
[Result "1/2-1/2"]
[WhiteElo "2167"]
[BlackElo "2327"]
[Annotator "TA"]
[PlyCount "60"]
[EventDate "2018.10.26"]
[EventType "tourn"]
[EventCountry "TUR"]
[SourceTitle "playchess.com"]
[Source "ChessBase"]
[SourceQuality "1"]

{[%evp 16,60,22,22,32,42,37,56,43,44,45,57,60,37,37,39,60,62,56,64,52,57,63,62,81,66,68,64,47,0,0,0,0,0,0,0,0,0,0,0,0,0,0,0,0,0,0]} 1. Nf3 Nf6 2. c4 c6 3. g3 d5 4. Bg2 g6 5. b3 Bg7 6. Bb2 O-O 7. O-O a5 8. Nc3 Ne4 {A11: Reti-Eröffnung} 9. Na4 {LiveBook: 12 Partien} b5 10. Bxg7 Kxg7 {Weiß steht etwas besser.} 11. cxb5 $146 ({Vorgänger:} 11. Nb2 a4 12. cxb5 a3 13. Nd3 cxb5 14. Rc1 Qb6 15. Nb4 Bb7 16. d3 {1-0 (32) Eingorn,V (2590)-Thinius,M (2310) Berlin 1997}) 11... cxb5 12. Nc3 Nxc3 13. dxc3 e6 14. c4 dxc4 15. Nd4 {[%cal Bf3d4,Bd4b5,Bb5d6][%mdl 32]} Ra6 {[#] Und weiter mit ...Td6 wäre nett.} 16. Nxb5 Qxd1 17. Rfxd1 ({Doch nicht} 17. Raxd1 cxb3 18. axb3 Rb6 $11) 17... cxb3 18. axb3 Bd7 19. Nd6 Kf6 20. Ne4+ Ke7 21. Nc5 Ra7 22. Nxd7 (22. Nb7 {looks sharper.} Rc8 23. Nxa5 Bb5 24. e3 Rac7 25. Bb7) 22... Nxd7 {Die Stellung ist ausgeglichen.} 23. Ra3 Rb8 24. Rda1 Rb5 25. Bc6 $36 {[%mdl 2048] Weiss hat Druck.} Rb6 26. Bxd7 Kxd7 27. Rxa5 Rxa5 28. Rxa5 Rxb3 29. Kg2 Ke7 30. e3 h5 {Precision: Weiß = 73%, Schwarz = 82%.} 1/2-1/2

[Event "TUR-ch Men 2018"]
[Site "Kemer"]
[Date "2018.10.17"]
[Round "6.6"]
[White "Yilmazyerli, Mert"]
[Black "Apaydin, Fethi"]
[Result "1/2-1/2"]
[WhiteElo "2442"]
[BlackElo "2353"]
[Annotator "TA"]
[PlyCount "35"]
[EventDate "2018.10.26"]
[EventType "tourn"]
[EventCountry "TUR"]
[SourceTitle "playchess.com"]
[Source "ChessBase"]
[SourceQuality "1"]

{[%evp 20,35,35,0,0,0,0,0,0,0,0,0,0,0,0,0,0,0]} 1. d4 Nf6 2. c4 g6 3. Nc3 Bg7 4. e4 d6 5. Nf3 O-O 6. Be2 e5 7. O-O exd4 8. Nxd4 Re8 9. f3 Nc6 10. Nc2 Nh5 11. g4 Be5 {The position is equal. E94: King's Indian: Classical: 6 Be2 e5 7 0-0: Various Black 7th moves} 12. gxh5 {[#] Hoping for Rf2.} Bxh2+ $1 13. Kxh2 Qh4+ 14. Kg1 Qg3+ 15. Kh1 Qh3+ 16. Kg1 {[#]} Qg3+ $146 17. Kh1 Qh3+ 18. Kg1 1/2-1/2

[Event "TUR-ch Men 2018"]
[Site "Kemer"]
[Date "2018.10.17"]
[Round "7.1"]
[White "Apaydin, Fethi"]
[Black "Erdogdu, Mert"]
[Result "1/2-1/2"]
[WhiteElo "2353"]
[BlackElo "2406"]
[Annotator "ChessBase"]
[PlyCount "102"]
[EventDate "2018.10.26"]
[EventType "tourn"]
[EventCountry "TUR"]
[SourceTitle "playchess.com"]
[Source "ChessBase"]
[SourceQuality "1"]
[TimeControl "5400+30"]

1. d4 {[%emt 0:04:30]} Nf6 {[%emt 0:00:30]} 2. Bg5 {[%emt 0:00:30]} d5 {[%emt 0:00:30]} 3. Nd2 {[%emt 0:02:30]} c5 {[%emt 0:03:30]} 4. dxc5 {[%emt 0:09:30]} e6 {[%emt 0:03:30]} 5. Ngf3 {[%emt 0:06:30]} Bxc5 {[%emt 0:00:30]} 6. e3 {[%emt 0:03:30]} Nc6 {[%emt 0:01:30]} 7. Bd3 {[%emt 0:01:30]} h6 {[%emt 0:03:30]} 8. Bh4 {[%emt 0:02:30]} g5 {[%emt 0:02:30]} 9. Bg3 {[%emt 0:00:30]} Nh5 {[%emt 0:00:30]} 10. Be5 {[%emt 0:12:30]} Nxe5 {[%emt 0:04:30]} 11. Nxe5 {[%emt 0:00:00]} Nf6 {[%emt 0:00:30]} 12. h4 {[%emt 0:01:00]} Rg8 {[%emt 0:03:30]} 13. hxg5 {[%emt 0:01:30]} hxg5 {[%emt 0:01:30]} 14. Bb5+ {[%emt 0:17:30]} Ke7 {[%emt 0:09:30]} 15. Nb3 {[%emt 0:04:30]} Bd6 {[%emt 0:04:30]} 16. Ng4 {[%emt 0:00:00]} Nxg4 {[%emt 0:04:30]} 17. Qxg4 {[%emt 0:00:00]} Qb6 {[%emt 0:00:30]} 18. Qe2 {[%emt 0:02:30]} a6 {[%emt 0:00:00]} 19. Bd3 {[%emt 0:00:30]} Bd7 {[%emt 0:01:00]} 20. O-O-O {[%emt 0:02:30]} a5 {[%emt 0:06:30]} 21. Nd4 {[%emt 0:02:30]} Be5 {[%emt 0:07:30]} 22. c3 {[%emt 0:03:30]} Rac8 {[%emt 0:03:30]} 23. Rh7 {[%emt 0:04:43]} Rh8 {[%emt 0:08:30]} 24. Rxh8 {[%emt 0:03:51]} Rxh8 {[%emt 0:01:30]} 25. Nf3 {[%emt 0:04:07]} Bf6 {[%emt 0:01:30]} 26. e4 {[%emt 0:00:48]} dxe4 {[%emt 0:01:30]} 27. Bxe4 {[%emt 0:00:13]} Ba4 {[%emt 0:06:32]} 28. Bc2 {[%emt 0:02:25]} Bc6 {[%emt 0:08:35]} 29. Ne5 {[%emt 0:00:58]} Bb5 {[%emt 0:06:03]} 30. Qe1 {[%emt 0:07:11]} Qc7 {[%emt 0:01:09]} 31. Ng4 {[%emt 0:00:17]} Qf4+ {[%emt 0:00:18]} 32. Ne3 {[%emt 0:00:04]} Rd8 {[%emt 0:03:34]} 33. Rxd8 {[%emt 0:00:38]} Kxd8 {[%emt 0:00:01]} 34. c4 {[%emt 0:00:00]} Bc6 {[%emt 0:01:02]} 35. Qxa5+ {[%emt 0:00:00]} Ke8 {[%emt 0:00:46]} 36. Qd2 {[%emt 0:01:22]} Bd4 {[%emt 0:02:20]} 37. g3 {[%emt 0:01:11]} Qe5 {[%emt 0:00:20]} 38. b3 {[%emt 0:00:36]} Bb2+ {[%emt 0:00:39]} 39. Kb1 {[%emt 0:00:14]} Ba3 {[%emt 0:00:17]} 40. Bd3 {[%emt 0:00:00]} f5 {[%emt 0:00:00]} 41. Nd1 {[%emt 0:00:00]} Bf3 {[%emt 0:00:00]} 42. Qe3 {[%emt 0:00:00]} Qxe3 {[%emt 0:00:00]} 43. Nxe3 {[%emt 0:00:00]} Bc5 {[%emt 0:00:00]} 44. Kc2 {[%emt 0:00:00]} Bb4 {[%emt 0:00:00]} 45. g4 {[%emt 0:01:29]} f4 {[%emt 0:00:00]} 46. Nf1 {[%emt 0:00:38]} Bxg4 {[%emt 0:00:00]} 47. Nh2 {[%emt 0:01:31]} Bh5 {[%emt 0:00:00]} 48. f3 {[%emt 0:00:45]} Ke7 {[%emt 0:00:00]} 49. Be4 {[%emt 0:00:00]} b6 {[%emt 0:00:00]} 50. Kd3 {[%emt 0:01:06]} Kd6 {[%emt 0:00:00]} 51. Ng4 {[%emt 0:00:26]} Bxg4 {[%emt 0:00:00]} 1/2-1/2

[Event "TUR-ch Men 2018"]
[Site "Kemer"]
[Date "2018.10.17"]
[Round "7.2"]
[White "Soylu, Suat"]
[Black "Yilmazyerli, Mert"]
[Result "1/2-1/2"]
[WhiteElo "2327"]
[BlackElo "2442"]
[Annotator "TA"]
[PlyCount "34"]
[EventDate "2018.10.26"]
[EventType "tourn"]
[EventCountry "TUR"]
[SourceTitle "playchess.com"]
[Source "ChessBase"]
[SourceQuality "1"]

{[%evp 23,34,-6,0,0,0,0,0,0,0,0,0,0,0]} 1. e4 c6 2. d4 d5 3. exd5 cxd5 4. c4 Nf6 5. Nc3 Nc6 6. Nf3 Be6 7. Bg5 Ne4 8. Nxe4 {B13: Caro-Kann: Exchange Variation and Panov-Botvinnik Attack} (8. Bf4 Nxc3 9. bxc3 dxc4 10. Rb1 Qd7 11. Nd2 Bf5 12. Ra1 e6 13. Nxc4 Be7 14. Be2 O-O 15. O-O Rac8 16. a4 Rfd8 17. a5 Be4 18. Nd2 Bg6 19. Nc4 Be4 20. Nd2 Bg6 {½-½ (20) Tkachiev,V (2650)-Dreev,A (2654) Warsaw 2012}) 8... dxe4 9. d5 exf3 10. dxe6 Qa5+ 11. Qd2 Qe5+ 12. Qe3 Qa5+ $146 {LiveBook: 10 Games. The position is equal.} ({Predecessor:} 12... Qxb2 13. exf7+ Kxf7 14. Qxf3+ Ke8 15. Rc1 e6 {½-½ (26) Yu,R (2494)-Xiu,D (2528) Hangzhou 2018}) 13. Qd2 Qe5+ 14. Qe3 Qa5+ 15. Qd2 Qe5+ 16. Qe3 Qa5+ 17. Qd2 Qe5+ 1/2-1/2

[Event "TUR-ch Men 2018"]
[Site "Kemer"]
[Date "2018.10.17"]
[Round "7.3"]
[White "Koksal, Ege"]
[Black "Zor, Alber Kadir"]
[Result "1/2-1/2"]
[WhiteElo "2351"]
[BlackElo "2167"]
[Annotator "TA"]
[PlyCount "60"]
[EventDate "2018.10.26"]
[EventType "tourn"]
[EventCountry "TUR"]
[SourceTitle "playchess.com"]
[Source "ChessBase"]
[SourceQuality "1"]

{[%evp 24,60,34,33,32,17,20,20,17,19,21,20,17,20,13,17,20,17,24,2,13,15,19,16,21,19,18,12,10,8,8,8,10,-5,0,0,0,-58,0]} 1. d4 d5 2. c4 e6 3. Nc3 Nf6 4. Nf3 Be7 5. Bg5 h6 6. Bh4 O-O 7. e3 Nbd7 8. Rc1 c5 {D63: Queen's Gambit Declined: Classical: 7 Rc1} 9. dxc5 Nxc5 10. cxd5 g5 11. Bg3 Nxd5 12. Nxd5 Qxd5 13. Qxd5 {LiveBook: 12 Games} exd5 {[#]} 14. Bb5 $146 ({Predecessor:} 14. Nd4 Bd7 15. Be2 Rac8 16. O-O {½-½ (31) Ivanchuk,V (2710)-Yu,Y (2765) Batumi 2018}) 14... a6 15. Be2 Bd7 16. O-O Rac8 17. Rfd1 Ne4 18. Be5 Rxc1 19. Rxc1 {Rc7 is the strong threat.} Rc8 20. Rxc8+ Bxc8 21. h3 f6 22. Bc7 Kf7 23. Nd4 Bd6 24. Bxd6 Nxd6 $11 {[%mdl 4096] Endgame KBN-KBN} 25. Bf3 Be6 26. Kf1 f5 27. Ke1 Kf6 28. Kd2 Ke5 29. Kd3 Bd7 30. b3 (30. Bd1 $11) 30... a5 {Precision: White = 57%, Black = 76%.} ({Black should try} 30... Ne4 $15) 1/2-1/2

[Event "TUR-ch Men 2018"]
[Site "Kemer"]
[Date "2018.10.17"]
[Round "7.4"]
[White "Sevgi, Volkan"]
[Black "Gunduz, Umut Erdem"]
[Result "1-0"]
[WhiteElo "2296"]
[BlackElo "2205"]
[Annotator "NA"]
[PlyCount "91"]
[EventDate "2018.10.26"]
[EventType "tourn"]
[EventCountry "TUR"]
[SourceTitle "playchess.com"]
[Source "ChessBase"]
[SourceQuality "1"]
[TimeControl "5400+30"]

1. e4 {[%emt 0:00:30]} e6 {[%emt 0:00:30]} 2. d4 {[%emt 0:02:30]} d5 {[%emt 0:00:30]} 3. Nd2 {[%emt 0:00:30]} c5 {[%emt 0:00:30]} 4. Ngf3 {[%emt 0:01:30]} Nc6 {[%emt 0:00:30]} 5. Bb5 {[%emt 0:00:30]} cxd4 {[%emt 0:00:30]} 6. Nxd4 {[%emt 0:00:30]} Bd7 {[%emt 0:00:00]} 7. Nxc6 {[%emt 0:00:30]} bxc6 {[%emt 0:00:00]} 8. Bd3 {[%emt 0:00:00] LiveBook: 208 Games} Bd6 {[%emt 0:00:00] C07: French Tarrasch: 3...c5, 4 Ngf3 and 4 exd5 Qxd5} 9. Qe2 {[%emt 0:00:00]} e5 {[%emt 0:00:00]} (9... Ne7 10. Nf3 h6 11. c4 O-O 12. O-O a5 13. Re1 a4 14. Bd2 Rb8 15. Bc3 Bb4 16. Ne5 Bxc3 17. bxc3 {½-½ (52) Navara,D (2740)-Kovalenko,I (2639) Katowice 2017}) 10. f4 {[%emt 0:22:30]} exf4 {[%emt 0:23:30]} 11. exd5+ {[%emt 0:02:30]} Kf8 $1 $146 {[%emt 0:00:30]} ({Predecessor:} 11... Ne7 12. Ne4 Be5 13. Ng5 Qc7 14. dxc6 Bxc6 15. Bc4 Bd5 16. Bxd5 {0-1 (51) Bezemer,A (2295)-Elgersma,S (2136) Vlissingen 2018}) 12. Ne4 {[%emt 0:05:30]} Be5 {[%emt 0:06:30]} 13. Nc5 {[%emt 0:24:30]} Qa5+ {[%emt 0:26:30]} 14. Kf1 {[%emt 0:01:30]} Qxc5 {[%emt 0:00:30]} 15. Qxe5 {[%emt 0:00:00]} f3 {[%emt 0:00:30]} 16. Be3 {[%emt 0:04:00]} fxg2+ {[%emt 0:00:30]} 17. Kxg2 {[%emt 0:00:30]} Qxd5+ {[%emt 0:00:00]} 18. Qxd5 {[%emt 0:00:00]} cxd5 {[%emt 0:00:00]} 19. Bc5+ {[%emt 0:00:00]} Ke8 {[%emt 0:00:00]} 20. Rhe1+ {[%emt 0:08:30]} Be6 {[%emt 0:01:00]} 21. Rad1 {[%emt 0:08:31]} Nf6 {[%emt 0:08:30]} 22. c4 {[%emt 0:04:00]} Kd7 {[%emt 0:05:30]} 23. cxd5 {[%emt 0:00:57]} Bxd5+ {[%emt 0:00:00]} 24. Kg1 {[%emt 0:00:00]} Kc6 {[%emt 0:03:00]} 25. Rc1 {[%emt 0:00:59]} Rhe8 {[%emt 0:00:30]} 26. Rxe8 {[%emt 0:06:15]} Nxe8 {[%emt 0:02:30]} 27. b4 {[%emt 0:01:58]} Kb7 {[%emt 0:03:59]} 28. a4 {[%emt 0:01:56]} Nc7 {[%emt 0:01:34]} 29. b5 {[%emt 0:00:26]} a6 {[%emt 0:03:28]} 30. Bd6 {[%emt 0:00:25]} Ne6 {[%emt 0:04:33]} 31. bxa6+ {[%emt 0:00:07]} Kb6 {[%emt 0:00:16]} 32. Bb5 {[%emt 0:00:58]} Rd8 {[%emt 0:02:41]} 33. Be7 {[%emt 0:00:22]} Ra8 {[%emt 0:02:22]} 34. Bh4 {[%emt 0:00:19]} Rxa6 {[%emt 0:04:54]} 35. Bf2+ {[%emt 0:00:05]} Kb7 {[%emt 0:00:13]} 36. Bxa6+ {[%emt 0:00:30]} Kxa6 {[%emt 0:00:00]} 37. Rb1 {[%emt 0:00:00]} Bc4 {[%emt 0:00:36]} 38. Rb4 {[%emt 0:00:00]} Bd3 {[%emt 0:01:41]} 39. Rb8 {[%emt 0:00:01]} Be4 {[%emt 0:00:08]} 40. Rb4 {[%emt 0:00:00]} Bc2 {[%emt 0:00:00]} 41. Be1 {[%emt 0:00:00]} Bg6 {[%emt 0:00:00]} 42. Bc3 {[%emt 0:00:00]} Bc2 {[%emt 0:00:00] [#]} 43. a5 $1 {[%emt 0:00:00]} g6 {[%emt 0:00:00]} 44. Rb6+ $2 {[%emt 0:00:00]} (44. Bd2 $18 {is more deadly.}) 44... Ka7 {[%emt 0:00:00]} 45. Bd2 $18 {[%emt 0:00:00]} Bd3 {[%emt 0:00:00]} 46. Be3 {[%emt 0:00:00]} 1-0

[Event "TUR-ch Men 2018"]
[Site "Kemer"]
[Date "2018.10.17"]
[Round "7.5"]
[White "Baglan, Esat"]
[Black "Ozen, Deniz"]
[Result "1/2-1/2"]
[WhiteElo "2343"]
[BlackElo "2411"]
[Annotator "NA"]
[PlyCount "77"]
[EventDate "2018.10.26"]
[EventType "tourn"]
[EventCountry "TUR"]
[SourceTitle "playchess.com"]
[Source "ChessBase"]
[SourceQuality "1"]
[TimeControl "5400+30"]

{[%evp 8,51,15,1,0,-11,12,0,53,8,81,-10,37,-22,-10,-19,-18,-16,-37,-11,0,32767,32767,-19,-33,-30,-25,32767,32767,-113,-134,-101,-99,-135,-119,-99,-76,-77,32767,32767,32767,-91,-62,-71,-82,-104]} 1. e4 {[%emt 0:00:30]} e6 {[%emt 0:00:30]} 2. d4 {[%emt 0:00:30]} d5 {[%emt 0:00:00]} 3. e5 {[%emt 0:01:30]} c5 {[%emt 0:00:00]} 4. c3 {[%emt 0:00:00]} Nc6 {[%emt 0:00:00]} 5. Nf3 {[%emt 0:00:00]} Qb6 {[%emt 0:00:00]} 6. a3 {[%emt 0:00:00]} c4 {[%emt 0:01:30]} 7. Nbd2 {[%emt 0:01:00]} Bd7 {[%emt 0:01:30]} 8. g3 {[%emt 0:17:30] LiveBook: 47 Games} O-O-O {[%emt 0:01:30]} (8... Na5 $11) 9. Bg2 {[%emt 0:03:30]} ({Lieber} 9. b3 $14) 9... Kb8 {[%emt 0:00:30]} 10. O-O {[%emt 0:00:30]} Na5 $1 {[%emt 0:00:30]} 11. Re1 {[%emt 0:05:30]} h6 {[%emt 0:00:30]} 12. Nf1 {[%emt 0:03:30]} Ne7 {[%emt 0:03:30]} 13. Rb1 {[%emt 0:15:30]} Qc7 {[%emt 0:00:30]} 14. h4 {[%emt 0:04:30]} Nc8 {[%emt 0:01:30]} 15. Bf4 {[%emt 0:03:30]} Nb6 {[%emt 0:00:30]} 16. Ne3 {[%emt 0:02:30]} Ba4 {[%emt 0:05:30]} 17. Qe2 {[%emt 0:01:30]} Be7 {[%emt 0:00:30]} 18. h5 {[%emt 0:01:30] [#]} (18. g4 $11) 18... g5 $1 {[%emt 0:15:30]} 19. hxg6 {[%emt 0:00:30]} fxg6 {[%emt 0:00:30]} 20. Ng4 {[%emt 0:02:30]} g5 {[%emt 0:00:00]} 21. Be3 {[%emt 0:08:30]} Rdf8 {[%emt 0:09:00]} (21... Be8 $142 22. Qc2 Nd7) 22. Nf6 {[%emt 0:10:58]} Bxf6 {[%emt 0:05:30]} 23. exf6 {[%emt 0:00:30]} Rxf6 {[%emt 0:00:30]} 24. Ne5 {[%emt 0:05:33]} Qh7 {[%emt 0:02:30]} 25. Rbc1 {[%emt 0:01:32]} Ka8 $17 {[%emt 0:02:30]} 26. Rf1 {[%emt 0:02:52]} Rg8 {[%emt 0:03:30]} 27. f4 {[%emt 0:01:41]} gxf4 {[%emt 0:03:30]} 28. Rxf4 {[%emt 0:00:21]} Rxf4 {[%emt 0:00:30]} 29. Bxf4 {[%emt 0:00:04]} h5 {[%emt 0:01:30]} 30. Nf3 {[%emt 0:00:11]} Qe7 {[%emt 0:17:30]} 31. Re1 {[%emt 0:06:17]} Bd7 {[%emt 0:00:30]} 32. Nh4 {[%emt 0:00:52]} Na4 {[%emt 0:08:18]} 33. Qf2 {[%emt 0:00:29]} Qf7 {[%emt 0:00:39]} 34. Nf3 {[%emt 0:00:30]} Nc6 {[%emt 0:01:14]} 35. Kh2 {[%emt 0:00:24]} Rg4 {[%emt 0:04:55]} 36. Re2 {[%emt 0:00:21]} Rg8 {[%emt 0:05:01]} 37. Bh3 {[%emt 0:01:10]} Qf6 {[%emt 0:00:00]} 38. Qe1 {[%emt 0:00:04]} a6 {[%emt 0:00:36]} 39. Qf2 {[%emt 0:00:33]} 1/2-1/2

[Event "TUR-ch Men 2018"]
[Site "Kemer"]
[Date "2018.10.17"]
[Round "7.6"]
[White "Soysal, Serkan"]
[Black "Gulbas, Cemil"]
[Result "0-1"]
[WhiteElo "2415"]
[BlackElo "2393"]
[Annotator "ChessBase"]
[PlyCount "170"]
[EventDate "2018.10.26"]
[EventType "tourn"]
[EventCountry "TUR"]
[SourceTitle "playchess.com"]
[Source "ChessBase"]
[SourceQuality "1"]
[TimeControl "5400+30"]

1. Nf3 {[%emt 0:00:30]} Nf6 {[%emt 0:00:30]} 2. d4 {[%emt 0:00:30]} g6 {[%emt 0:00:30]} 3. c4 {[%emt 0:00:30]} Bg7 {[%emt 0:00:30]} 4. Nc3 {[%emt 0:00:30]} O-O {[%emt 0:00:30]} 5. e4 {[%emt 0:00:00]} d6 {[%emt 0:00:30]} 6. h3 {[%emt 0:04:00]} e5 {[%emt 0:01:30]} 7. d5 {[%emt 0:00:30]} a5 {[%emt 0:00:30]} 8. g4 {[%emt 0:02:30]} Na6 {[%emt 0:04:30]} 9. Be3 {[%emt 0:00:30]} Nd7 {[%emt 0:01:30]} 10. Rg1 {[%emt 0:02:30]} f6 {[%emt 0:42:30]} 11. h4 {[%emt 0:07:30]} Rf7 {[%emt 0:00:30]} 12. h5 {[%emt 0:08:30]} g5 {[%emt 0:01:30]} 13. a3 {[%emt 0:01:30]} Nb6 {[%emt 0:05:30]} 14. Bxb6 {[%emt 0:14:30]} cxb6 {[%emt 0:00:30]} 15. Nd2 {[%emt 0:05:30]} Bd7 {[%emt 0:02:30]} 16. Be2 {[%emt 0:00:30]} Bf8 {[%emt 0:02:30]} 17. Rg3 {[%emt 0:02:30]} Be7 {[%emt 0:03:30]} 18. Qb1 {[%emt 0:01:30]} a4 {[%emt 0:07:30]} 19. b4 {[%emt 0:03:30]} axb3 {[%emt 0:00:30]} 20. Nxb3 {[%emt 0:00:30]} Qc8 {[%emt 0:02:30]} 21. Ra2 {[%emt 0:06:30]} Bd8 {[%emt 0:00:30]} 22. Kf1 {[%emt 0:04:30]} Be8 {[%emt 0:02:06]} 23. Nb5 {[%emt 0:06:30]} Qb8 {[%emt 0:04:10]} 24. Kg2 {[%emt 0:02:30]} Kf8 {[%emt 0:03:27]} 25. a4 {[%emt 0:02:30]} Nc5 {[%emt 0:02:55]} 26. a5 {[%emt 0:03:26]} bxa5 {[%emt 0:03:30]} 27. Nxc5 {[%emt 0:00:04]} dxc5 {[%emt 0:00:00]} 28. Rb3 {[%emt 0:04:32]} Bxb5 {[%emt 0:02:39]} 29. Rxb5 {[%emt 0:00:04]} Qc8 {[%emt 0:00:44]} 30. Bd1 {[%emt 0:02:10]} b6 {[%emt 0:01:08]} 31. Kg3 {[%emt 0:00:05]} Rd7 {[%emt 0:01:27]} 32. Ba4 {[%emt 0:05:44]} Rd6 {[%emt 0:00:37]} 33. Rab2 {[%emt 0:00:01]} Qa6 {[%emt 0:00:51]} 34. Qd3 {[%emt 0:00:34]} Bc7 {[%emt 0:00:52]} 35. Qf3 {[%emt 0:01:51]} Rad8 {[%emt 0:00:44]} 36. Qf5 {[%emt 0:01:17]} Kg8 {[%emt 0:00:42]} 37. Qf3 {[%emt 0:02:31]} Rb8 {[%emt 0:00:38]} 38. Qc3 {[%emt 0:00:43]} Qc8 {[%emt 0:00:30]} 39. R5b3 {[%emt 0:00:30]} Qf8 {[%emt 0:00:37]} 40. Bc6 {[%emt 0:00:00]} Kg7 {[%emt 0:00:00]} 41. Rb1 {[%emt 0:00:00]} Kg8 {[%emt 0:00:00]} 42. Qa1 {[%emt 0:00:00]} Kf7 {[%emt 0:00:00]} 43. Qa4 {[%emt 0:00:00]} Ke7 {[%emt 0:00:00]} 44. Qb5 {[%emt 0:00:00]} Qc8 {[%emt 0:00:00]} 45. Rf3 {[%emt 0:00:00]} Rd8 {[%emt 0:00:00]} 46. Rf5 {[%emt 0:00:00]} Bd6 {[%emt 0:00:00]} 47. Kf3 {[%emt 0:00:00]} Rg8 {[%emt 0:00:00]} 48. Ke2 {[%emt 0:00:00]} Rf8 {[%emt 0:00:00]} 49. Rb3 {[%emt 0:00:00]} h6 {[%emt 0:00:00]} 50. Rb1 {[%emt 0:00:00]} Rd8 {[%emt 0:00:00]} 51. Kd3 {[%emt 0:00:00]} Rf8 {[%emt 0:00:00]} 52. Kc2 {[%emt 0:00:00]} Rd8 {[%emt 0:00:00]} 53. Kb3 {[%emt 0:00:00]} Rf8 {[%emt 0:00:00]} 54. Ka4 {[%emt 0:00:00]} Rd8 {[%emt 0:00:00]} 55. Rg1 {[%emt 0:01:25]} Bc7 {[%emt 0:00:00]} 56. Qb2 {[%emt 0:00:32]} Bd6 {[%emt 0:00:00]} 57. Qc3 {[%emt 0:03:18]} Rg8 {[%emt 0:00:00]} 58. Rg3 {[%emt 0:00:45]} Rf8 {[%emt 0:00:00]} 59. Qe1 {[%emt 0:00:12]} Rf7 {[%emt 0:00:00]} 60. Rg2 {[%emt 0:00:57]} Rg7 {[%emt 0:00:41]} 61. Rg1 {[%emt 0:00:46]} Rg8 {[%emt 0:00:10]} 62. Rf1 {[%emt 0:02:20]} Rg7 {[%emt 0:03:16]} 63. Bb5 {[%emt 0:03:07]} Ra8 {[%emt 0:01:11]} 64. Qc3 {[%emt 0:02:18]} Rf7 {[%emt 0:00:32]} 65. f4 {[%emt 0:01:28]} gxf4 {[%emt 0:01:12]} 66. Bc6 {[%emt 0:01:14]} Ra7 {[%emt 0:01:17]} 67. R1xf4 {[%emt 0:00:19]} Qg8 {[%emt 0:03:29]} 68. Rf3 {[%emt 0:00:28]} Rc7 {[%emt 0:00:52]} 69. Qb2 {[%emt 0:00:41]} Qxg4 {[%emt 0:01:12]} 70. Qxb6 {[%emt 0:00:32]} Qxe4 {[%emt 0:01:00]} 71. Bb5 {[%emt 0:00:01]} Qc2+ {[%emt 0:00:06]} 72. Kxa5 {[%emt 0:00:44]} Qa2+ {[%emt 0:01:41]} 73. Ba4 {[%emt 0:00:07]} Rc8 {[%emt 0:00:45]} 74. Qa7+ {[%emt 0:00:50]} Rc7 {[%emt 0:00:40]} 75. Qa6 {[%emt 0:00:50]} e4 {[%emt 0:00:36]} 76. Rb3 {[%emt 0:00:31]} Qd2+ {[%emt 0:00:24]} 77. Kb5 {[%emt 0:00:25]} Rf8 {[%emt 0:00:18]} 78. Qb6 {[%emt 0:00:00]} Rd7 {[%emt 0:00:31]} 79. Kc6 {[%emt 0:01:04]} Rc8+ {[%emt 0:00:11]} 80. Kb5 {[%emt 0:00:06]} Rb8 {[%emt 0:00:10]} 81. Qxb8 {[%emt 0:00:49]} Bxb8 {[%emt 0:00:08]} 82. Kb6 {[%emt 0:00:33]} Bc7+ {[%emt 0:00:38]} 83. Kb7 {[%emt 0:00:16]} Be5+ {[%emt 0:01:56]} 84. Bxd7 {[%emt 0:00:02]} Kxd7 {[%emt 0:00:00]} 85. d6 {[%emt 0:01:01]} e3 {[%emt 0:00:10]} 0-1

[Event "TUR-ch Men 2018"]
[Site "Kemer"]
[Date "2018.10.17"]
[Round "8.1"]
[White "Erdogdu, Mert"]
[Black "Gulbas, Cemil"]
[Result "1-0"]
[WhiteElo "2406"]
[BlackElo "2393"]
[Annotator "TA"]
[PlyCount "41"]
[EventDate "2018.10.26"]
[EventType "tourn"]
[EventCountry "TUR"]
[SourceTitle "playchess.com"]
[Source "ChessBase"]
[SourceQuality "1"]

{[%evp 28,29,106,98]} 1. c4 e5 2. Nc3 Nf6 3. Nf3 Nc6 4. g3 d5 5. cxd5 Nxd5 6. Bg2 Nb6 7. O-O Be7 8. a3 O-O 9. b4 Be6 10. Rb1 f6 11. d3 a5 12. b5 Nd4 13. Nd2 Nd5 {A29: English Opening: Four Knights Variation with 4 g3} (13... Qc8 14. e3 Nf5 15. Qc2 a4 16. Rd1 Nd6 17. Nde4 Nxe4 18. Nxe4 Bd5 19. Nc5 Bxg2 20. Kxg2 Bxc5 21. Qxc5 {½-½ (85) Svidler,P (2757)-Giri,A (2793) Moscow 2016 CBM 172 [Sagar Shah]}) 14. Bxd5 Bxd5 15. e3 {LiveBook: 13 Games} {Predecessor:} Nxb5 $146 16. Nxb5 Ba2 17. Rb2 Be6 18. a4 c6 19. Nc3 Qxd3 20. Qc2 Qxc2 21. Rxc2 {1-0 (47) Badelka,O (2407)-Atalik,E (2461) Ankara 2018} 1-0